1784 1782 1633 1605 1707 1445 1759 1265 1348 1914 1292 1078 1674 1491 1296 1368 1575 1270 1634 1610 1398 1434 1995 1139 1119 1469 1395 1860 1657 1086 1218 1031 1604 1000 1176 1578 1667 1731 1711 1002 1923 1242 1019 1388 1452 1630 1929 1464 1964 1770 1075 1715 1360 1403 1315 1903 1878 1557 1245 1574 1420 1367 1865 1881 1295 1968 1999 1113 1127 1431 1922 1682 1477 1697 1184 1419 1475 1952 1618 1168 1483 1284 1819 1841 1914 1389 1605 1635 1309 1804 1603 1097 1009 1417 1882 1541 1722 1846 1223 BCNSPRNW ULIB Ver.6.0+V

เปลี่ยนเป็นภาษาไทย

Change to English
 แสดงรายละเอียดบรรณานุกรม
  กลับหน้าหลัก

Brief Record : Get Marc (ISO 2709) : E-mail record : QR code < ปิดหน้าต่าง
LEADER : 00000nam 2200000uu 4500
001    13399113939
003     ULIB
008    110320s||||||||th 000 0 tha d
099    วจ.WY18.5^bอ555ค
100 0  อัมพร ยานะ
245 00 ความพึงพอใจของผู้ใช้บัณฑิตหลักสูตรพยาบาลศาสตร์บัณฑิต วิทยาลัยพยาบาลบรมราชชนนี พะเยา/^cอัมพร ยานะ และ สมศรี สัจจะสกุลรัตน์
260    พะเยา :^bวิทยาลัยพยาบาลบรมราชชนนี พะเยา,^c2553
300    72 หน้า :^bตาราง
500    รายงานการวิจัย
650  7 ผู้สำเร็จการศึกษาพยาบาล^xวิจัย
650  7 ความพึงพอใจ^xวิจัย
700 02 สมศรี สัจจะสกุลรัตน์
710 2  วิทยาลัยพยาบาลบรมราชชนนี. ^bพะเยา
945    ^p0^l0^i030970
995    ทศพร
999 ^a ใช้งานได้ทุกระบบ
รายการนี้ยังไม่มีแท็ก
คุณยังไม่ได้ล็อกอิน คุณสามารถมีกิจกรรมร่วมกับเว็บไซต์ได้ แต่ต้องล็อกอินก่อน ::
  ล็อกอิน

รายการสื่อสารสนเทศ

ลำดับที่ ประเภท เลขเรียก/บาร์โค้ด สถานที่ สถานะ
1. งานวิจัย
งานวิจัย
วจ.WY18.5 อ555ค ฉ.1 
  Barcode: 030970
ห้องสมุดวิทยาเขตสวรรค์ประชารักษ์
►วิจัย
บนชั้น

รายการใกล้เคียง
    ผู้แต่ง [อัมพร ยานะ]

BibComment


ยังไม่เคยถูกคอมเมนท์

คอมเมนท์ทรัพยากรรายการนี้
  คอมเมนท์: ความพึงพอใจของผู้..


 Copyright 2026. Bcnsprnw @Library